000 00267nam a22001217a 4500
008 170914b xxu||||| |||| 00| 0 eng d
041 _aeng
080 _a7
100 _a44
101 _aART
245 _aTHA ART IN AMERICA ANNUAL AWARD
_cHOPPER,E
942 _2udc
_cBK
999 _c27678
_d27678